000 00323nab a22001097u 4500
008 130520b1990 xxu||||| |||| 00| 0 spa d
041 _aspa
100 1 _aGutiérrez, Gustavo
_93032
245 0 0 _aHacia el quinto centenario
_cGustavo Gutiérrez
773 0 _tConcilium
_gV.2,1990,págs.373-383
_x0210-1041
_wRev134
942 _cAR
999 _c355568
_d355568